University Home | Library Home | Institutional Repository

Illustrated structure of the human body : (Record no. 40511)

MARC details
000 -LEADER
fixed length control field 00592cam9a220019300 4500
001 - CONTROL NUMBER
control field tmp15729136
003 - CONTROL NUMBER IDENTIFIER
control field UPRA
005 - DATE AND TIME OF LATEST TRANSACTION
control field 20190813165221.0
008 - FIXED-LENGTH DATA ELEMENTS--GENERAL INFORMATION
fixed length control field 951013s1979 jpn eng u
035 ## - SYSTEM CONTROL NUMBER
System control number (Sirsi) r65159
035 ## - SYSTEM CONTROL NUMBER
System control number (UPRA)tmp15729136
040 ## - CATALOGING SOURCE
Transcribing agency UPRA
100 1# - MAIN ENTRY--PERSONAL NAME
Personal name Odajima, Goro.
Linkage A25158.1
245 10 - TITLE STATEMENT
Title Illustrated structure of the human body :
Remainder of title paramedical textbook in human anatomy.
260 ## - PUBLICATION, DISTRIBUTION, ETC.
Place of publication, distribution, etc. [Tokyo] :
Name of publisher, distributor, etc. International Nursing Foundation of Japan,
Date of publication, distribution, etc. [1979]
650 #0 - SUBJECT ADDED ENTRY--TOPICAL TERM
Topical term or geographic name entry element Anatomy.
Linkage S133.1
949 ## - LOCAL PROCESSING INFORMATION (OCLC)
a QM23.2
w LC
i -86949
m MEDICAL
t BOOK
l ON-SHELF
Holdings
Withdrawn status Lost status Source of classification or shelving scheme Damaged status Not for loan Home library Current library Shelving location Total Checkouts Full call number Barcode Date last seen Copy number Price effective from Koha item type
    Library of Congress Classification     Medical Library Medical Library On Shelf   QM23.2 -86949 08/13/2019 1 08/13/2019 Book
© 2026 - The University of Zambia Library - Koha v25.11